000 00914nam a22002537a 4500
001 22143
005 20260416170028.0
008 260327b |||||||| |||| 00| 0 spa d
020 _a9781683673644
041 _aING
082 _a660.6
_bG53
100 _aGlick, Bernard R.
_eAUT
245 _aMolecular biotechnology :
_bprinciples and applications of recombinant DNA
250 _aSexta edición
260 _aWashington, DC :
_bWiley,
_c2022
300 _axix, 876 páginas :
_bilustraciones, tablas ;
_c28 cm.
440 _a ;
650 _aTCA
653 _aIngeniería química; Biotecnología
654 _aCII
700 _aPatten, Cheryl L.,
_eAUT
856 _uhttps://0u216utu5-y-https-accessmedicina-mhmedical-com.itmsp.museknowledge.com/searchresults.aspx?q=Advanced+nutrition+and+human+metabolism
_zVéase además: Base de datos McGraw Hill Access Medicina
942 _cLIB
_dJUS
_fMIP
_n0
_2ddc
999 _c22143
_d22143